书目信息 |
| 题名: |
建筑力学与结构
|
|
| 作者: | 王立雄 , 王爱英 编著 | |
| 分册: | ||
| 出版信息: | 北京 中国建筑工业出版社 2007 |
|
| 页数: | 362页 | |
| 开本: | 26cm | |
| 丛书名: | ||
| 单 册: | ||
| 中图分类: | TU3 | |
| 科图分类: | ||
| 主题词: | 建筑力学--高等学校--教材 , 建筑结构--高等学校--教材 , 建筑力学 , 建筑结构 | |
| 电子资源: | ||
| ISBN: | 978-7-112-08913-0 | |
| 000 | 00943nam0 2200277 450 | |
| 001 | 261 | |
| 005 | 20180921152928.51 | |
| 010 | @a978-7-112-08913-0@dCNY39.00 | |
| 100 | @a20070402d2007 em y0chiy50 ea | |
| 101 | 0 | @achi |
| 102 | @aCN@b110000 | |
| 105 | @ay z 000yy | |
| 200 | 1 | @a建筑力学与结构@9jian zhu li xue yu jie gou@f王立雄, 王爱英编著 |
| 210 | @a北京@c中国建筑工业出版社@d2007 | |
| 215 | @a362页@d26cm | |
| 300 | @aA+U高校建筑学与城市规划专业教材 | |
| 330 | @a本书共有十九章,内容为:建筑力学的基本理论、静力平衡、静定结构的内力、应力与强度、压杆的稳定、结构的变形、力矩分配法解超静定结构、建筑结构设计等。 | |
| 606 | 0 | @a建筑力学@x高等学校@j教材 |
| 606 | 0 | @a建筑结构@x高等学校@j教材 |
| 606 | 0 | @a建筑力学 |
| 606 | 0 | @a建筑结构 |
| 690 | @aTU3@v4 | |
| 701 | 0 | @a王立雄@9wang li xiong@c(建筑学)@4编著 |
| 701 | 0 | @a王爱英@9wang ai ying@c(建筑)@4编著 |
| 801 | 0 | @aCN@b91MARC@c20130904 |
| 905 | @aMuseLib@dTU3@e1424 | |
| 建筑力学与结构/王立雄, 王爱英编著.-北京:中国建筑工业出版社,2007 |
| 362页;26cm |
| A+U高校建筑学与城市规划专业教材 |
| ISBN 978-7-112-08913-0:CNY39.00 |
| 本书共有十九章,内容为:建筑力学的基本理论、静力平衡、静定结构的内力、应力与强度、压杆的稳定、结构的变形、力矩分配法解超静定结构、建筑结构设计等。 |
| ● |
| 相关链接 |
|
|
|
|
正题名:建筑力学与结构
索取号:TU3/1424
 
预约/预借
| 序号 | 登录号 | 条形码 | 馆藏地/架位号 | 状态 | 备注 |
| 1 | 1119039 | 211190398 | 第二样本阅览室/ [索取号:TU3/1424] | 在馆 | |
| 2 | 1119040 | 211190405 | 密集书库-物理学院/ [索取号:TU3/1424] | 在馆 | |
| 3 | 1119041 | 211190414 | 第三借阅区/ [索取号:TU3/1424] | 在馆 | |
| 4 | 1119042 | 211190423 | 第三借阅区/ [索取号:TU3/1424] | 在馆 | |
| 5 | 1119043 | 211190432 | 第三借阅区/ [索取号:TU3/1424] | 在馆 |